Language Quiz

Random Language or Letter Quiz

1-10 Letter L Words Quiz Stats

 Plays Quiz Updated Jun 23, 2017

Support Sporcle.
Go Orange.
Score 0/10 Timer 02:00
4 Plays Today
Clue L-Word % Correct
Fifty, to NeroL
100%
Abbreviation for a poundlb
97.6%
Trash or a collection of kittenslitter
91%
A Hawaiian flower garlandlei
84.1%
Swoosh or McDonald's golden arches, e.g.logo
78.7%
Bibb, iceberg or cos, e.g.lettuce
77.3%
An intricate mazelabyrinth
76.1%
A loggerlumberjack
75.6%
Trademarked name for a fabric made of spandexLycra
61.3%
A state of abnormal drowsinesslethargy
60.6%

You're not logged in!

Compare scores with friends on all Sporcle quizzes.
OR
Log In
Forgot?

From the Vault

Mix and Match Book Titles III

by MoMosMoProblems

Mixing and matching also plays with the plot, but that's neither here nor there.
Remove Ads.
Support Sporcle.
Get the best of Sporcle when you Go Orange. This ad-free experience offers more features, more stats, and more fun while also helping to support Sporcle. Thank you for becoming a member.

Show Comments

Extras

Top Quizzes Today


Score Distribution

Your Account Isn't Verified!

In order to create a playlist on Sporcle, you need to verify the email address you used during registration. Go to your Sporcle Settings to finish the process.

Report this User

Report this user for behavior that violates our Community Guidelines.

Details: